Регионална библиотека "Любен Каравелов" - Русе

Стефан Мавродиев - играещият човек (Homo Lidens) (Запис номер 523286)

MARC детайли
000 -Лидер
Лидер 01465nam a2200301 a 4500
003 - Код на организацията, давaща контролен номер
Код на организацията, даваща контролен номер BLK
005 - Дата и час на последна редакция
Дата и час на последна редакция 20250716092343.0
008 - Елементи от данни с фиксирана дължина
Елементи с фиксирана дължина 241212b bu ||||| |||| 00| | bu d
020 ## - Международен стандартен номер на книга ISBN
ISBN 9786190115083
040 ## - Източник на каталожния запис
Код на библиотеката BLK
041 ## - Код за език
Език Български
Език за КДБФ Български
080 ## - УДК
УДК текст Българска литература
УДК код 821.163.2
УДК – определител -94
УДК – код + определител 821.163.2-94
080 ## - УДК
УДК текст Актьори, театрални
УДК код 792.071.2
УДК – определител (497.2)(092)(093.3)
УДК – код + определител 792.071.2(497.2)(092)(093.3)
080 ## - УДК
УДК текст Киноактьори
УДК код 791.44.071.2
УДК – определител (497.2)(092)(093.3)
УДК – код + определител 791.44.071.2(497.2)(092)(093.3)
080 ## - УДК
УДК текст Театрален и киноактьор. Автор на поезия.
УДК код 929 Мавродиев, Стефан Иванов
УДК – код + определител 929 Мавродиев, Стефан Иванов
9 (RLIN) 496288
100 ## - Редна дума - Автор
R(LIN) 496286
Автор Панов, Огнян Иванов
Години, свързани с автора 1952 -
Биография на автора Автор на проза
245 ## - Сведения за заглавието
Заглавие Стефан Мавродиев - играещият човек (Homo Lidens)
Подзаглавни данни житейска летопис
Авторска отговорност Огнян Панов
260 ## - Област на издателските данни
9 (RLIN) 210881
Място на издаване София
Име на издателя Изток-Запад
Година на издаване 2024
300 ## - Физическа характеристика
Брой страници 344 с.
Размер 24 см
380 ## - Жанр
Жанр Худож. лит.
600 #0 - Име на лице, използвано като предмет
9 (RLIN) 291345
За него / За нея Мавродиев, Стефан Иванов
650 #0 - Допълнително описание по предмет – тема
9 (RLIN) 255582
Предметна рубрика Артисти, български
852 ## - Местоположение
Систематично-азбучна сигнатура П 886.7-9/П 18 О
Отдел Заемна - подръчен фонд
852 ## - Местоположение
Сигнатура (форматна) Цб 326946
Отдел Хранилище
942 ## - АРТИКУЛИ
Вид на библиотечния документ Книги
Скрит в OPAC Не
Koha issues (borrowed), all copies 3
944 ## - СЪЗДАВАНЕ И РЕДАКЦИЯ на ЗАПИСА
Дата на регистрацията/редакция Геновева Генчева
Служител, извършил регистрацията/редакцията 30576
Номер на служител Цветомила Тодорова
999 ## - СИСТЕМНИ КОНТРОЛНИ НОМЕРА
Koha biblionumber 523286
Koha biblioitemnumber 523286
Наличности
Код за отписване Код за изгубен артикул Източник на класификационната схема Код за повреда Код за отдаване Артикулен № Име на библиотеката - собственик Име на библиотеката, в която се намира в момента Статус (Текущо местоположение) Дата на вписване в системата Местоположение - отдел Цена в лева Инвентарен номер Систематично азбучна сигнатура Баркод Цена в евро Служебен тип на артикула Коз за рестрикции
  Не е изгубен Universal Decimal Classification Не е повреден заемане за дома 956305 Регионална библиотека "Любен Каравелов" Русе Регионална библиотека "Любен Каравелов" Русе Заемна - подръчен фонд 2024-12-12 Заемна - подръчен фонд 26.25 120000915467 821.163.2-9/П 18 С 120000915467 13.42 Книги  
  Не е изгубен Universal Decimal Classification Не е повреден ползва се в читалня 972144 Регионална библиотека "Любен Каравелов" Русе Регионална библиотека "Любен Каравелов" Русе Хранилище 2025-05-23 Хранилище 35.00 120000919806 Цб 326946 120000919806 17.90 Книги само за читалня
Vip Innovations Ltd, Rousse, Bulgaria 2025